| 000 | 00416nam a22001697a 4500 | ||
|---|---|---|---|
| 003 | CEME | ||
| 005 | 20210628202155.0 | ||
| 008 | 210120b xxu||||| |||| 00| 0 eng d | ||
| 020 | _a1585031380 | ||
| 040 | _cceme | ||
| 082 | _a620.0042 COZ | ||
| 100 |
_aCozzens, Richard _958590 |
||
| 245 | _aCatia v5 workbook,releases 10 & 11 | ||
| 260 |
_aUSA _bSDC PUBLICATIONS _c2003 |
||
| 300 | _aVIII, P | ||
| 942 |
_cBK _2ddc |
||
| 999 |
_c568753 _d568753 |
||